[Event "Parnu-A"]
[Site "Parnu"]
[Date "1996.02.08"]
[Round "6"]
[White "Khalifman, Alexander"]
[Black "Short, Nigel D"]
[Result "0-1"]
[WhiteElo "2650"]
[BlackElo "2665"]
[Annotator "Dautov,R"]
[PlyCount "120"]
[EventDate "1996.02.??"]
[EventType "tourn"]
[EventRounds "10"]
[EventCountry "EST"]
[EventCategory "17"]
[SourceTitle "CBM 052"]
[Source "ChessBase"]
[SourceDate "1996.06.01"]
[SourceVersion "1"]
[SourceVersionDate "1996.06.01"]
[SourceQuality "1"]

1. d4 Nf6 2. c4 e6 3. Nf3 b6 4. Nc3 Bb7 5. a3 d5 6. cxd5 Nxd5 7. e3 g6 8. Bb5+
c6 9. Bd3 Bg7 10. Na4 $5 (10. Ne2 c5 11. dxc5 bxc5 12. Qc2 Nd7 13. e4 N5b6 14.
Nc3 c4 15. Be2 Nc5 $15 {Lobron-Karpov/Dortmund/1995}) 10... Nd7 11. e4 Ne7 12.
O-O O-O 13. Bg5 (13. Bf4 $5 {/\Qd2,Bh5}) 13... h6 $1 $146 (13... e5 14. dxe5
Nxe5 15. Nxe5 Bxe5 16. Nc3 Qd6 17. Bc4 Qc5 18. Qd7 Rae8 19. Qxb7 Bxc3 20. Rac1
Qxg5 21. Rxc3 b5 22. Bb3 Qd2 23. Qxa7 Qxb2 24. Qc5 $16 {Lobron-de Boer/
Amsterdam op/1995}) 14. Be3 (14. Bh4 $5 g5 15. Bg3 f5 16. Bd6 $13) 14... Kh7
15. Rc1 f5 $10 16. exf5 (16. Nc3 f4 17. Bd2 e5 18. dxe5 Nxe5 19. Nxe5 Bxe5 20.
Be2 Qd6 $15) 16... exf5 17. Bf4 $1 (17. Nc3 c5 18. dxc5 Bxf3 19. gxf3 Nxc5 $15)
17... Nd5 18. Bd6 Re8 19. Nc3 Qf6 (19... N7f6 20. Be5) 20. Bg3 (20. Be5 $6 Nxe5
21. dxe5 (21. Nxe5 Nf4 $17 {[%csl Rd4] /\Rad8,><d4}) 21... Qf7 $15 {[%csl Re5]
><e5}) 20... Nxc3 21. bxc3 c5 22. Bb5 $1 (22. Re1 $2 Rxe1+ 23. Qxe1 (23. Nxe1
f4 $19) 23... Bxf3 24. gxf3 cxd4 25. cxd4 Qxd4 $17) 22... Re7 23. Ne5 (23. Qa4
$5 Bxf3 (23... Rd8 $5) 24. gxf3 (24. Bxd7 $2 Be2 25. Rfe1 f4 $19) 24... Nf8 25.
dxc5 bxc5 26. Rfd1 $13) 23... Nxe5 24. dxe5 (24. Bxe5 Qg5 25. g3 Bxe5 26. dxe5
f4 $15) 24... Qf7 25. f4 a6 26. Be2 Rd7 27. Qe1 (27. Qc2 $5 $10 {/\Rad1}) 27...
Qe6 28. Bf3 (28. Bh4 $5 Bf8 {/\Be7,Rad8}) 28... Bxf3 29. Rxf3 Bf8 30. Bf2 $2 (
30. Bh4 c4 31. a4 Bc5+ 32. Bf2 $10) 30... Be7 31. c4 Rad8 $17 {[%csl Rc4][%cal
Rd7d1] <->d,><c4} 32. Rfc3 g5 33. Be3 $2 (33. g3 $142) 33... gxf4 34. Bxf4 Rd4
{><e5} 35. Qf1 Bg5 36. Bxg5 hxg5 37. Qe2 Kg6 38. Re3 Rd2 39. Qf3 g4 40. Qf1
R8d4 41. g3 Rb2 42. Re2 (42. Rd1 Qxc4 43. Qxc4 Rxd1+ 44. Qf1 Rxf1+ 45. Kxf1 Kf7
$19) 42... Rxe2 43. Qxe2 Re4 $19 44. Qd2 Qxe5 45. Kf2 Rd4 46. Qe2 Qxe2+ 47.
Kxe2 f4 48. gxf4 Kf5 $1 49. Rb1 Rd6 50. Rf1 Rh6 51. Rf2 Rh3 52. Kf1 Rb3 $1 (
52... Rxa3 $2 53. Rb2 $17) 53. Kg2 a5 54. Re2 a4 55. Re5+ Kxf4 56. Re6 Rxa3 57.
Rf6+ Ke5 58. Rxb6 Rb3 59. Ra6 a3 60. Ra5 Kf4 0-1

[Event "St Petersburg op"]
[Site "St Petersburg"]
[Date "1994.??.??"]
[Round "6"]
[White "Ivanov, Sergey"]
[Black "Anastasian, Ashot"]
[Result "1/2-1/2"]
[WhiteElo "2505"]
[BlackElo "2545"]
[Annotator "Dautov,R"]
[PlyCount "67"]
[EventDate "1994.02.??"]
[EventType "swiss"]
[EventRounds "9"]
[EventCountry "RUS"]
[SourceTitle "CBM 041"]
[Source "ChessBase"]
[SourceDate "1994.08.01"]
[SourceVersion "1"]
[SourceVersionDate "1994.08.01"]
[SourceQuality "1"]

1. d4 Nf6 2. c4 e6 3. Nf3 b6 4. a3 Bb7 5. Nc3 d5 6. cxd5 Nxd5 7. Nxd5 {N} Qxd5
$1 (7... exd5 8. g3 Be7 9. Bg2 O-O 10. O-O $14) (7... Bxd5 8. Qc2 {/\e4} Bxf3 (
8... f5 9. Bg5 Be7 10. Bxe7 Qxe7 11. Rc1 $14) 9. exf3 c6 10. Be3 Be7 11. Bd3
$16) 8. g3 Nc6 $5 (8... c5 9. Be3 Nc6 (9... cxd4 10. Bxd4 Nc6 11. Bc3 Rd8 12.
Qxd5 Rxd5 13. Bg2 $14) 10. dxc5 Bxc5 11. Qxd5 exd5 12. Bxc5 bxc5 13. Rc1 c4 14.
Bg2 Rb8 $10 {/\Bc8-e6}) 9. Bg2 (9. Be3 $5 {>=} e5 10. Bg2 exd4 (10... Nxd4 $2
11. Bxd4 exd4 12. Nh4 Qa5+ 13. b4 Qa6 14. Qxd4 $16) (10... e4 $6 11. Ng5 f5 12.
f3 $36) 11. O-O $1 O-O-O 12. Nxd4 Qh5 13. Bf3 Qh3 14. Qa4 Nxd4 15. Bxd4 Bxf3
16. exf3 Kb7 $13 {/\Qd7}) 9... Nxd4 $1 10. Nh4 Qa5+ 11. b4 (11. Bd2 $2 Qa6 $17)
11... Bxb4+ 12. axb4 Qxa1 13. Bxb7 Rd8 14. Kf1 $8 (14. O-O $6 Nf3+ 15. Nxf3
Rxd1 16. Rxd1 O-O $17) 14... O-O (14... Nxe2 $4 15. Bc6+ Ke7 16. Bg5+ $18) 15.
Kg2 a5 (15... Nf3 16. Qb3 Nxh4+ 17. gxh4 Qd4 18. Bg5 $13) (15... Qa2 16. e3 Nb3
17. Qf3 (17. Qh5 $6 Qc2) 17... Nxc1 18. Rxc1 $10) 16. Qd3 $1 (16. bxa5 Qxa5 $17
) 16... Qa4 (16... axb4 17. Bg5 Qa7 18. Be4 Rd7 19. Bxh7+ (19. Bc6 $2 Rd6 20.
Be7 Nxc6 $19) 19... Kh8 20. Be4 c5 $13) 17. Bg5 f6 (17... Rd7 $5 18. bxa5 Qxa5
$13) 18. Be4 $1 fxg5 (18... f5 $2 19. Bxd8 Rxd8 20. Bb7 Qxb4 21. e3 $16) 19.
Bxh7+ Kh8 (19... Kf7 $2 20. Qg6+ Ke7 21. Qxg7+ Rf7 22. Ng6+ Ke8 23. Qg8+ $18)
20. Ng6+ Kxh7 21. Nxf8+ Kg8 22. Qh7+ Kxf8 23. Qh8+ Ke7 24. Qxg7+ Ke8 25. Qh8+
Kd7 (25... Ke7 26. Qg7+ Ke8 27. Qh8+ $10) 26. Qxd4+ Kc8 27. Qe4 axb4 28. Rb1 c5
(28... Kb8 $5 29. Rxb4 Qa8 $15) 29. Ra1 $1 $10 Qxa1 30. Qc6+ Kb8 31. Qxb6+ Ka8
32. Qxd8+ Kb7 33. Qd7+ Kb6 34. Qd6+ (34. Qd6+ Kb5 35. Qd7+ $10) 1/2-1/2

[Event "Beersheba"]
[Site "Beersheba"]
[Date "1996.??.??"]
[Round "10"]
[White "Greenfeld, Alon"]
[Black "Tunik, Gennady"]
[Result "1-0"]
[WhiteElo "2560"]
[BlackElo "2475"]
[Annotator "Dautov,R"]
[PlyCount "91"]
[EventDate "1996.03.??"]
[EventType "tourn"]
[EventRounds "11"]
[EventCountry "ISR"]
[EventCategory "10"]
[SourceTitle "CBM 053"]
[Source "ChessBase"]
[SourceDate "1996.08.01"]
[SourceVersion "1"]
[SourceVersionDate "1996.08.01"]
[SourceQuality "1"]

1. d4 {Bykhovsky,Av} Nf6 2. Nf3 e6 3. c4 b6 4. a3 Ba6 5. Qc2 Bb7 6. Nc3 c5 7.
e4 cxd4 8. Nxd4 Nc6 9. Nxc6 Bxc6 10. Bf4 Bc5 (10... Nh5 $5 {Bykhovsky,Av}) 11.
Be2 O-O 12. O-O-O Ne8 13. Kb1 $1 (13. Bg3 e5 14. Kb1 Qe7 $6 (14... Bd4 {>=} 15.
Bd3 Nc7 16. Ne2 Ne6 {Tiviakov}) 15. Rhe1 Bd4 {Timman,J-Tiviakov,S/Wijk (05) ;
CBM 51 1996} 16. Bd3 $1 $14 {/\Nd5}) 13... f6 (13... e5 14. Bxe5 Bxf2 15. Bd3
$14) 14. Bg3 e5 15. f4 Bd4 (15... exf4 16. Bxf4 Qe7 17. Nd5 Bxd5 18. exd5 $36)
(15... Qe7 16. fxe5 fxe5 17. Nd5 Bxd5 18. exd5 Nf6 19. Rhe1 $14) 16. Nb5 $1
$146 (16. Bf3 Qe7 (16... exf4 17. Rxd4 fxg3 18. hxg3 $14 {/\e5}) 17. Nd5 Bxd5
18. exd5 Rc8 19. Rhe1 Qc5 20. fxe5 fxe5 21. Bxe5 Bxe5 22. Rxe5 Nd6 $1 $13 {
Piket,J-Nijboer,F/Linares zt (04) ;CBM 51 1995}) 16... Bxb5 17. cxb5 Rc8 (17...
Nc7 $2 18. fxe5 Bxe5 (18... fxe5 $2 19. Rxd4 exd4 20. Bxc7 $18) 19. Bxe5 fxe5
20. Qd2 $16) 18. Qa4 {><a7} Nc7 19. Rc1 (19. Qxa7 $2 Ra8 (19... Ne6 {Bykhovsky,
Av /\Nc5 /}) 20. Qb7 Rb8 $10) 19... Ne6 20. fxe5 Rxc1+ (20... fxe5 {Bykhovsky,
Av} 21. Rxc8 Qxc8 22. Qxa7 $16) 21. Rxc1 fxe5 22. Bc4 $1 (22. Qxa7 Nc5 (22...
d5 $2 23. Qb7 $16) 23. Bc4+ Kh8 24. Bd5 Qg5 $44) 22... Kh8 (22... Qb8 23. Bxe6+
(23. Rd1 $5 $16 {/\Rxd4}) 23... dxe6 24. Qxd4 exd4 25. Bxb8 Rxb8 26. Rc7 $16)
23. Bxe6 dxe6 24. Qxa7 h5 25. Qc7 Qf6 $132 26. Ka2 Kh7 (26... h4 $5 27. Be1 Qf4
28. Bb4 $1 (28. Qe7 $2 Qxc1 29. Qxf8+ Kh7 30. Qb4 Qc2 $15) 28... Bc5 (28... Rf7
29. Qc6 $16) 29. Rc4 Qf1 30. Rxc5 bxc5 31. Qxc5 $16) 27. Rc2 Qg5 (27... h4 $5 {
Bykhovsky,Av}) 28. Qc4 Rf6 (28... Qg4 29. Qe2 $16) 29. Qe2 Qg6 30. Rc6 $16 h4
31. Bxh4 Rf4 32. Bg3 Rxe4 33. Qc2 Qf5 (33... Rg4 34. Qb3 $16) 34. Rc4 (34. Qb3
$2 Re2) 34... Kh6 (34... Rg4 $5 35. Qe2 Re4 $16) 35. Qd3 Qg4 $2 (35... Rg4 $142
36. Qf3 $16) 36. Bxe5 $18 Rxe5 37. Qxd4 Qe2 (37... Qxd4 38. Rxd4 Rxb5 39. Rd6
$18) 38. Qf4+ Kg6 39. Qg4+ Qxg4 40. Rxg4+ Kf6 41. a4 Rd5 42. Rc4 e5 43. Rc6+
Kf5 44. Rxb6 e4 45. Rb8 e3 46. b6 1-0

[Event "Linares zt"]
[Site "Linares"]
[Date "1995.??.??"]
[Round "4"]
[White "Piket, Jeroen"]
[Black "Nijboer, Friso"]
[Result "1-0"]
[WhiteElo "2625"]
[BlackElo "2485"]
[Annotator "Dautov,R"]
[PlyCount "79"]
[EventDate "1995.11.??"]
[EventType "swiss"]
[EventRounds "11"]
[EventCountry "ESP"]
[SourceTitle "CBM 051"]
[Source "ChessBase"]
[SourceDate "1996.04.01"]
[SourceVersion "1"]
[SourceVersionDate "1996.04.01"]
[SourceQuality "1"]

1. d4 {King Giese} Nf6 2. c4 e6 3. Nf3 b6 4. a3 Ba6 5. Qc2 Bb7 6. Nc3 c5 7. e4
cxd4 8. Nxd4 Nc6 9. Nxc6 Bxc6 10. Bf4 Bc5 11. Be2 O-O 12. O-O-O Ne8 {N} (12...
Rc8 13. Kb1 Ne8 {/\Bxf2} 14. f3 (14. Bg3 $142 $1 $14) 14... f6 15. Qd2 e5 16.
Be3 Nc7 17. Nb5 $1 Bxe3 18. Qxe3 Bxb5 19. cxb5 Ne6 $10 {Piket,J-Timman,J (07)/
Amsterdam m ;CBM 50 1995}) 13. Bg3 e5 14. Kb1 f6 (14... Qe7 $5 15. Rhe1 (15. f4
$5) 15... Bd4 16. Nd5 (16. Bd3 $5) 16... Bxd5 17. exd5 Qf6 18. Bd3 g6 19. Re4
$2 Nd6 20. Bh4 g5 21. Rxd4 exd4 22. Bxh7+ Kg7 23. Bg3 Nxc4 $17 {Timman,
J-Tiviakov,S/Wijk (05) ;CBM 51 1996}) 15. f4 Bd4 (15... exf4 16. Bxf4 Qe7 17.
Nd5 Bxd5 18. exd5 Bd6 19. Bc1 Be5 20. Bd3 g6 21. h4 $40) (15... Qe7 16. fxe5
fxe5 17. Nd5 Bxd5 18. exd5 Nf6 (18... Nd6 19. Bd3 e4 20. Qe2 Rae8 21. Rhe1 Rf7
22. Bxd6 Qxd6 23. Bxe4 Rfe7 24. Qd3 $16) 19. Rhe1 $14) 16. Bf3 Qe7 (16... exf4
17. Rxd4 (17. Bxf4 Be5 18. g3 Nc7 19. Rhe1 Ne6 $132) 17... fxg3 18. hxg3 {/\e5}
g6 19. Qd2 Qe7 20. Nd5 Bxd5 21. exd5 Nd6 22. Re1 Qf7 23. Qf4 $14) 17. Nd5 Bxd5
18. exd5 Rc8 19. Rhe1 Qc5 (19... Qd6 $2 20. Be4 h6 (20... g6 21. fxe5 Bxe5 22.
Bxg6 hxg6 23. Qxg6+ Kh8 24. Re4 $18) 21. fxe5 Bxe5 22. Qd3 Bxg3 23. hxg3 $16 {
/^b1-h7}) 20. fxe5 (20. Be4 g6 $13) 20... fxe5 21. Bxe5 Bxe5 22. Rxe5 Nd6 $1 (
22... Qxc4 23. Qd2 Nf6 24. d6 $14) 23. Re7 Nxc4 24. Qe2 Qd6 $10 25. Ka2 (25.
Rd4 $2 Nxa3+ 26. bxa3 Qxa3 27. Rd1 Qb4+ 28. Ka1 Rc3 $19) (25. Bg4 Rc7 26. Ka2
b5) 25... b5 26. Rd4 (26. Be4 $5 g6 27. Bd3 a6 28. h4 Nb6 29. h5 Qxd5+ 30. Ka1
$44) 26... a6 (26... Rf7 $5 27. Rxf7 Kxf7 $10) 27. Be4 Qf6 (27... g6 $5 28. Bd3
Rf2 29. Qxf2 Qxe7 $10) 28. Rd3 Qf2 $4 (28... Rf7 $1 29. Rxf7 Qxf7 30. Rf3 Qe8
31. Rh3 g6 $10) 29. Rh3 (29. Rg3 $1 Qf6 (29... g6 30. Bxg6 $18) 30. Rexg7+ Qxg7
31. Qh5 $18) 29... h6 {[#]} 30. Rxg7+ $1 Kxg7 31. Qg4+ Kf6 32. Rf3+ Qxf3 (32...
Ke7 {Giese} 33. Qg7+ Kd6 34. Rxf2 Rxf2 35. Qg3+ $18) 33. gxf3 $18 {[%csl Rd7,
Rh6] Giese: +-,קd7,h6  King: Now we see the full force of the queen against
an exposed king and weak pawns: it's party time.} Ke5 $2 (33... Rf7 34. Qg6+
Ke7 35. Qxh6 $18) 34. Qxd7 Rcd8 35. Qg7+ Kf4 36. Qxh6+ Ke5 37. Qxa6 Nd6 38. Qa5
Nxe4 39. fxe4 Kxe4 40. Qxb5 $138 {King: A fitting conclusion: Black has no
pawns left.} 1-0

[Event "EU-Cup 10th final"]
[Site "Lyon"]
[Date "1994.11.19"]
[Round "2"]
[White "Lputian, Smbat G"]
[Black "Timoshenko, Georgy"]
[Result "1-0"]
[WhiteElo "2590"]
[BlackElo "2550"]
[Annotator "Dautov,R"]
[PlyCount "139"]
[EventDate "1994.11.18"]
[EventType "team-k.o."]
[EventRounds "3"]
[EventCountry "FRA"]
[SourceTitle "EXT 2020"]
[Source "ChessBase"]
[SourceDate "2019.10.17"]
[SourceVersion "1"]
[SourceVersionDate "2019.10.17"]
[SourceQuality "1"]
[WhiteTeam "Sarajevo Bosna"]
[BlackTeam "Alchevsk Garant-Donbass"]
[WhiteTeamCountry "BIH"]
[BlackTeamCountry "UKR"]

1. d4 Nf6 2. c4 e6 3. Nf3 b6 4. a3 Bb7 5. Nc3 d5 6. Qc2 dxc4 7. e4 c5 8. d5 $5
{N} (8. dxc5 Bxc5 9. Bxc4 Nbd7 {=}) 8... exd5 9. exd5 a6 (9... Nxd5 $5 10. Bxc4
Be7 (10... Nxc3 11. Qxc3 {~= @}) (10... Qe7+ $2 11. Kf1 Nxc3 12. Bg5 $1 f6 13.
Qxc3 fxg5 14. Re1 Be4 15. Nd2 {+-}) 11. Qb3 (11. Qa4+ Bc6 12. Bb5 Qd7 13. Ne5
$2 (13. Nxd5 Qxd5 {=+}) 13... Nxc3 14. Qb3 Qf5 15. Nxc6 Nxb5 16. Nxe7 Qe5+ 17.
Be3 Nd4 {-/+}) (11. O-O Nxc3 12. Qxc3 O-O 13. Bf4 Nc6 {=+}) (11. Qf5 Nf6) 11...
Nxc3 12. Bxf7+ Kf8 13. bxc3 Bxf3 14. gxf3 Nc6 15. O-O Ne5 16. Bd5 c4 17. Bxc4
Nxf3+ 18. Kg2 {~}) 10. Bxc4 b5 11. Ba2 b4 (11... Bd6 $5 12. Qe2+ (12. O-O O-O
13. Bg5 Nbd7 14. Ne4 Be7 15. Nxf6+ (15. Rfe1 Nxe4 16. Bxe7 Qxe7 17. Rxe4 Qd6 {=
}) 15... Nxf6 16. Rad1 {+=}) 12... Qe7 13. Qxe7+ Kxe7 14. Bg5 h6 (14... Nbd7
15. Ne4 Rhe8 16. O-O h6 17. Rfe1 $1 {+/-}) 15. Bxf6+ Kxf6 16. Ne4+ Ke7 17. O-O
Rd8 18. Rfe1 Kf8 19. Rac1 c4 20. Rcd1 {+=}) 12. Na4 Nbd7 (12... Bxd5 13. Bxd5
Nxd5 (13... Qxd5 14. O-O Nbd7 15. Re1+ $40) 14. O-O Be7 (14... Nd7 $2 15. Qe4+
Ne7 16. Bg5 {+-}) 15. Rd1 O-O 16. Qb3 (16. Qe4 Nf6) (16. Nxc5 Nc6 17. Na4 Na5
18. Qf5 Nb3 19. Rxd5 Qe8 {~}) 16... c4 17. Qxc4 Qe8 18. b3 (18. Qxd5 Qxa4 19.
Bg5 Ra7 {+=}) 18... Nf6 19. axb4 {+/-}) 13. O-O Bd6 14. Re1+ Kf8 15. Bg5 a5 16.
Rad1 Qc7 (16... h6 $5 {>=} 17. Bh4 Qc7 {+=}) 17. Nh4 h6 (17... Bxh2+ 18. Kh1
Bd6 (18... Bf4 $2 19. Qc4 Bd6 20. Nf5 $36) 19. Nf5 $36) 18. Bxf6 Nxf6 19. Nf5
Rc8 (19... Bxh2+ 20. Kh1 Bd6 21. Nxd6 Qxd6 22. Nxc5 {+/-}) 20. Qc4 g6 (20...
Bxh2+ 21. Kh1 Bd6 22. Qb5 $1 Ng4 23. f3 Nf2+ 24. Kg1 Nxd1 25. Nxd6 Qxd6 26.
Qxb7 Rb8 27. Qc6 Qxc6 28. dxc6 {+/-}) 21. Qh4 (21. Nxd6 $5 Qxd6 22. Qb5 {+/-})
21... Nd7 22. Nxd6 Qxd6 23. Bc4 Ne5 24. Nb6 $1 {+/-} Rc7 (24... Re8 25. f4 $1
Nf3+ 26. gxf3 Rxe1+ 27. Rxe1 Qxb6 28. Qe7+ Kg7 29. Re6 {+-}) 25. Rxe5 $1 Kg7 (
25... Qxe5 26. d6 {+-}) 26. f4 (26. Qe4 Qxb6 27. Re7 Qd6 {+=}) (26. Rde1 $1
Qxb6 27. Re6 $1 fxe6 28. Rxe6 Qxe6 (28... g5 $2 29. Qg3) 29. dxe6 Re8 30. Qg3
Rce7 31. h4 {+/-}) 26... Qxb6 27. d6 Rd7 28. Re7 Qc6 29. Rd2 Rf8 30. Qe1 Rxe7
31. Qxe7 Qe4 32. Qe5+ $1 Qxe5 $2 (32... Kg8 $1 {>=} 33. Qxe4 Bxe4 34. Re2 Bf5
35. h3 h5 36. Re7 Rd8 37. Rxf7 Kh8 {+=}) 33. fxe5 {+/-} Bc6 (33... Rd8 34. Rf2
Rd7 {+/-}) 34. Rf2 Bd7 35. Rf6 g5 36. h3 h5 37. Kh2 (37. Kf2 Be6 38. Bxe6 fxe6
39. Rxf8 Kxf8 40. Ke3 Ke8 41. Kd3 Kd7 42. Kc4 Kc6 43. a4 h4 44. d7 Kxd7 45.
Kxc5 {+-}) 37... h4 38. g4 Bc6 $2 39. Rf5 Be4 (39... Kg6 40. e6 {+-}) 40. Rxg5+
Bg6 41. e6 fxe6 42. Bd3 {+-} Rf2+ 43. Kg1 Rd2 44. Rxg6+ Kf7 45. Be4 Rxd6 46. g5
Rd1+ 47. Kf2 Rd2+ 48. Kf3 Rxb2 49. axb4 Rb3+ 50. Kf4 cxb4 51. Rh6 (51. Rf6+ Ke7
52. Ke5 {+-}) 51... Rxh3 52. Rh7+ Kg8 53. Rb7 Rh2 (53... Rg3 54. Ke5 Rxg5+ 55.
Kf6 Rf5+ 56. Bxf5 exf5 57. Rg7+ Kf8 58. Ra7 Ke8 59. Rxa5 {+-}) 54. g6 Re2 55.
Kg5 Rxe4 56. Kh6 Rf4 57. Rb8+ Rf8 58. Rxf8+ Kxf8 59. Kh7 Ke7 60. g7 Kd6 61.
g8=Q Kc5 62. Qg5+ Kc4 63. Qxh4+ Kb3 64. Qh3+ Ka4 65. Kg6 b3 66. Qc3 e5 67. Kf5
e4 68. Kf4 e3 69. Qa1+ Kb4 70. Kxe3 1-0

[Event "URS-ch52 First League"]
[Site "Sverdlovsk"]
[Date "1984.11.??"]
[Round "?"]
[White "Rashkovsky, Nukhim N"]
[Black "Ehlvest, Jaan"]
[Result "1-0"]
[WhiteElo "2470"]
[BlackElo "2485"]
[Annotator "Dolmatov,S"]
[PlyCount "82"]
[EventDate "1984.11.15"]
[EventType "tourn"]
[EventRounds "15"]
[EventCountry "URS"]
[EventCategory "9"]
[SourceTitle "MCL"]
[Source "ChessBase"]
[SourceDate "1999.07.01"]
[SourceVersion "1"]
[SourceVersionDate "1999.07.01"]
[SourceQuality "1"]

1. Nf3 Nf6 2. c4 e6 3. d4 b6 4. a3 Bb7 5. Nc3 d5 6. cxd5 Nxd5 7. Qa4+ Qd7 $5 (
7... Nd7 8. Nxd5 Bxd5 9. Bg5 Be7 10. Bxe7 Qxe7 11. Rc1 Qd6 12. Ne5 a6 $10 {
Lputian,S-Gurevich,M/Moscow/1987/}) (7... c6 $6 8. e4 Nxc3 9. bxc3 Be7 10. Bb2
O-O 11. Rd1 Qc8 12. c4 b5 13. Qc2 $14) 8. Qc2 Nxc3 9. Qxc3 Bd6 10. g3 Be4 $6 (
10... O-O $5 11. Bg2 c5 $1 12. dxc5 Bxc5 13. O-O Nc6 14. Be3 Bxe3 15. Qxe3 Rfd8
$10 {Henkin,I-Sulesko/USSR/1986/}) 11. Bg2 Qc6 12. Qe3 Qb7 13. O-O O-O 14. b3
Nd7 15. Bb2 a5 16. Rfd1 Rfe8 17. Rac1 Rad8 18. Ne1 Bxg2 (18... Nf6 $2 19. f3
Bd5 20. Qd3 $16) 19. Nxg2 Bf8 $6 (19... c5 $1 20. dxc5 Bxc5 (20... Nxc5 $2 21.
Rxd6 Rxd6 22. Qe5 $18) 21. Qg5 f6 22. Qg4 $14) 20. Qd3 Nc5 (20... c5 21. Qb5
$16) 21. Qb5 (21. Qc4 $6 Na6 22. Ne3 c5 23. d5 Nc7 24. dxe6 Nxe6) 21... Na6 (
21... Ne4 22. f3 Nf6 (22... Nd6 23. Qc6 $16) 23. e4 $16) 22. Ne3 Nb8 (22... c5
23. Nc4 $16) 23. d5 Qa6 (23... exd5 24. Rxd5 c6 (24... Rxd5 25. Qxe8 $16) 25.
Rxd8 Rxd8 (25... cxb5 $2 26. Rxe8 $18) 26. Qg5 Qe7 27. Qg4 $16) 24. a4 Qxb5 25.
axb5 Bc5 26. Be5 Rc8 (26... Bxe3 27. fxe3 Rxd5 28. Rxd5 exd5 29. Rxc7 f6 30.
Bd4 $18) 27. dxe6 fxe6 (27... Rxe6 28. Bxc7 $16) 28. Nc4 Bf8 29. Rd3 Be7 30.
Nd2 Bf6 (30... c5 31. Nc4) 31. Bxf6 (31. Bxc7 $2 Be5 $15) 31... gxf6 32. Ne4
Kg7 33. Rdc3 $18 Re7 34. Nd6 Rd8 35. Rxc7 Rxc7 36. Rxc7+ Rd7 (36... Kg6 $1 37.
Nc4 Rd1+ 38. Kg2 Nd7 39. Rc6 e5 40. g4 $16 (40. Nxb6 $6 Nxb6 41. Rxb6 Rb1 42.
Ra6 Rxb3 43. Rxa5 h5 $14)) 37. Rxd7+ Nxd7 38. Nc4 f5 39. f4 Kf6 40. Kf2 Nc5 41.
Nxb6 Nxb3 1-0

[Event "URS-ch53 First League"]
[Site "Kharkov"]
[Date "1985.10.??"]
[Round "?"]
[White "Bareev, Evgeny"]
[Black "Novikov, Igor A"]
[Result "1-0"]
[WhiteElo "2310"]
[BlackElo "2460"]
[Annotator "Dolmatov,S"]
[PlyCount "77"]
[EventDate "1985.10.??"]
[EventType "tourn"]
[EventRounds "17"]
[EventCountry "URS"]
[EventCategory "9"]
[SourceTitle "MCL"]
[Source "ChessBase"]
[SourceDate "1999.07.01"]
[SourceVersion "1"]
[SourceVersionDate "1999.07.01"]
[SourceQuality "1"]

1. d4 Nf6 2. c4 e6 3. Nf3 b6 4. Nc3 Bb7 5. a3 d5 6. cxd5 Nxd5 7. Qc2 Nxc3 8.
Qxc3 Nd7 9. Bg5 Nf6 $6 (9... Be7 10. Bxe7 Kxe7 11. g3 Nf6 12. Bg2 Qd6 13. O-O
Rhc8 14. Rfd1 c5 15. Rac1 cxd4 16. Qxd4 Qxd4 17. Nxd4 Rxc1 $10 {Magerramov,
E-Makarichev,S/Pavlodar/1987/}) 10. e3 (10. e4 $6 c6 $1 11. Bxf6 gxf6 $13)
10... Rc8 11. Qc2 Qd5 (11... Be7 12. Qa4+ Qd7 13. Bb5 c6 14. Be2 c5 15. Bb5 Bc6
16. Bxc6 Qxc6 17. Qxc6+ Rxc6 18. Rc1 $16 {Benjamin,J-McCambridge,V/USA/1985/})
12. Qa4+ Bc6 13. Qa6 Bb7 14. Bb5+ Nd7 15. Qa4 a6 $2 (15... c6 16. Bc4 Qa5+ 17.
Qxa5 bxa5 18. Ke2 $14 {Haritonov,A-Bandza,A/USSR/1985/}) 16. Bxa6 Bxa6 (16...
Ra8 17. Bxb7 Rxa4 18. Bxd5 exd5 $18) 17. Qxa6 Ra8 18. Qd3 $16 Nc5 19. Qc2 Ne4
20. O-O (20. Bf4 $2 Bb4+ 21. Ke2 Qb5+ 22. Kd1 f5 $132) 20... Bd6 21. Bf4 (21.
Bh4 $5 O-O 22. Bg3 Nxg3 23. hxg3 $16) 21... Bxf4 22. exf4 Rc8 23. Rfe1 Nd6 24.
Rac1 (24. Re5 $6 Qc4) 24... O-O 25. Re5 Qb7 26. Ng5 g6 27. Qb3 {/\ Qh3} h6 (
27... Nf5 28. Qh3 h6 29. Rxf5 hxg5 30. Rxg5 $16) 28. Nf3 Rfd8 29. g4 $1 Kg7 30.
h4 Ne8 31. f5 $1 (31. h5 $6 Nf6 32. hxg6 Nxg4 $132) 31... exf5 32. gxf5 gxf5
33. Kh2 Nf6 (33... Nd6 $5 34. Rg1+ Kh7 35. Rxf5 Rg8 36. Rxf7+ $2 (36. Rf4 $16)
36... Nxf7 37. Qxf7+ Kh8 38. Qf6+ Kh7 39. Qf7+ $10) 34. Rxf5 Qe4 $18 35. Rg1+
Ng4+ 36. Rxg4+ Qxg4 37. Qxf7+ Kh8 38. Qe6 Qg7 39. Rf6 1-0

[Event "Yerevan"]
[Site "Yerevan"]
[Date "1996.??.??"]
[Round "2"]
[White "Lputian, Smbat G"]
[Black "Epishin, Vladimir"]
[Result "1/2-1/2"]
[WhiteElo "2580"]
[BlackElo "2645"]
[Annotator "Dolmatov,S"]
[PlyCount "78"]
[EventDate "1996.04.??"]
[EventType "tourn"]
[EventRounds "11"]
[EventCountry "ARM"]
[EventCategory "15"]
[SourceTitle "CBM 053"]
[Source "ChessBase"]
[SourceDate "1996.08.01"]
[SourceVersion "1"]
[SourceVersionDate "1996.08.01"]
[SourceQuality "1"]

1. d4 Nf6 2. c4 e6 3. Nf3 b6 4. a3 Bb7 5. Nc3 d5 6. Qc2 $6 (6. cxd5 Nxd5 7. e3
Be7 $10) 6... Be7 7. cxd5 exd5 (7... Nxd5 $6 8. e4 Nxc3 9. bxc3 O-O 10. Bd3 c5
11. O-O Qc8 12. Qe2 Ba6 13. Bf4 $14) 8. Bd2 c5 9. e3 O-O 10. Be2 $10 Nc6 11.
O-O Rc8 12. Rfd1 (12. dxc5 $5 bxc5 13. Rfd1 d4 14. Na4 $132) 12... cxd4 13.
exd4 Ne4 14. Be1 (14. Nxe4 $2 Nxd4 $17) 14... Na5 15. Ne5 Bd6 16. Qa4 (16. f3
$5 Ng5 $10) 16... Bxe5 (16... f6 17. Nxe4 dxe4 18. Bxa5 fxe5 19. dxe5 Qh4 20.
g3) 17. dxe5 Nc5 18. Qg4 Nab3 19. Rab1 d4 20. Bc4 $1 (20. Nb5 Be4 $1 21. Nd6
Bxb1 $17) 20... Rc6 (20... dxc3 21. Rxd8 c2 22. Rxf8+ Rxf8 23. Rd1 $13) (20...
Qe7 21. Nb5 Qxe5 22. Nxd4 Nxd4 23. Rxd4 Be4 24. Bc3 $1 Bxb1 25. Rf4 h5 26. Qg3
$40) 21. e6 {[#]} Rxe6 $1 (21... fxe6 22. Nb5 $40) 22. Bxe6 Nxe6 $40 23. f3 f5
24. Qg3 Rf6 $6 (24... Qe8 $5 25. Ne2 f4 $17 26. Qg4 Rf6) 25. Qe5 Rg6 26. Qxf5
Qg5 27. Qxg5 Nxg5 28. Kf2 $1 (28. Ne2 Nxf3+ 29. Kf2 Nxh2 $17) 28... dxc3 29.
Rd8+ Kf7 30. Bxc3 (30. Rd7+ $2 Ke6 31. Rxb7 c2 $19) 30... Nc5 31. Rbd1 (31. b4
$6 Nce4+ 32. fxe4 Nxe4+ 33. Ke3 Nxc3 $17) 31... Ba6 (31... Nge6 $2 32. R1d7+
Nxd7 33. Rxd7+ $18) 32. h4 Nge6 33. Ra8 Bb5 34. Rxa7+ Ke8 35. Rd6 Nd3+ 36. Ke3
Nef4 37. Rxg6 hxg6 38. Rxg7 $2 (38. g3 $5 $14) 38... Nxg2+ 39. Kd4 Nxh4 1/2-1/2